[Event "Staufer op 35th"]
[Site "Schwaebisch Gmuend"]
[Date "2025.01.04"]
[Round "6"]
[White "Czaeczine, Anne"]
[Black "Hahn, Markus"]
[Result "1-0"]
[WhiteElo "2173"]
[BlackElo "2329"]
[PlyCount "91"]
[EventDate "2025.01.02"]
[EventType "swiss"]
[EventRounds "9"]
[EventCountry "GER"]
[SourceTitle "CB02_2025"]
[SourceDate "2025.01.08"]
[SourceVersion "1"]
[SourceVersionDate "2025.01.08"]
[SourceQuality "1"]

1. e4 c5 2. Nf3 e6 3. d4 cxd4 4. Nxd4 a6 5. c4 Nf6 6. Nc3 Qc7 7. Be3 Bb4 8. f3 0-0 9. Qb3 Bc5 10. 0-0-0 Nc6 11. Kb1 d6 12. Na4 Nxd4 13. Bxd4 Bxd4 14. Rxd4 e5 15. Rd2 b5 16. cxb5 axb5 17. Bxb5 Be6 18. Qd3 d5 19. exd5 Nxd5 20. Qc4 Bf5+ 21. Ka1 Qxc4 22. Bxc4 Nb4 23. b3 Rfb8 24. Rc1 Kf8 25. a3 Nc6 26. g4 Na5 27. gxf5 Nxb3+ 28. Bxb3 Rxb3 29. Rc3 Rxc3 30. Nxc3 Rxa3+ 31. Kb2 Ra6 32. Ne4 Rh6 33. Kc3 Rh3 34. Rf2 Ke7 35. Kd3 f6 36. Ke3 Rh5 37. Ng3 Rh4 38. Ra2 g6 39. Ra7+ Kf8 40. Ne4 gxf5 41. Nxf6 Rxh2 42. Nxh7+ Ke8 43. Nf6+ Kd8 44. Rd7+ Kc8 45. Rd5 Rh6 46. Ne8 1-0

[Event "Nordhausen op 14th"]
[Site "Nordhausen"]
[Date "2024.07.26"]
[Round "4"]
[White "Huber, Benedikt"]
[Black "Hahn, Markus"]
[Result "1/2-1/2"]
[WhiteElo "2268"]
[BlackElo "2321"]
[PlyCount "41"]
[EventDate "2024.07.25"]
[EventType "swiss"]
[EventRounds "7"]
[EventCountry "GER"]
[SourceTitle "CBM 221 Extra"]
[Source "ChessBase"]
[SourceDate "2024.09.30"]
[SourceVersion "1"]
[SourceVersionDate "2024.09.30"]
[SourceQuality "1"]

1. e4 c5 2. Nf3 e6 3. c3 d5 4. exd5 Qxd5 5. d4 Nf6 6. Na3 Nc6 7. Be3 a6 8. Nc4 cxd4 9. Nxd4 Bc5 10. Nxc6 Qxc6 11. Be2 Bxe3 12. Nxe3 Bd7 13. Bf3 Qc7 14. Qb3 Bc6 15. Bxc6+ Qxc6 16. Qa3 Rd8 17. 0-0 Qd6 18. Qa4+ Qd7 19. Qa3 Qd6 20. Qa4+ Qd7 21. Qa3 1/2-1/2

[Event "Nordhausen op 14th"]
[Site "Nordhausen"]
[Date "2024.07.25"]
[Round "2"]
[White "Mertens, Fridolin"]
[Black "Hahn, Markus"]
[Result "0-1"]
[WhiteElo "2159"]
[BlackElo "2321"]
[PlyCount "70"]
[EventDate "2024.07.25"]
[EventType "swiss"]
[EventRounds "7"]
[EventCountry "GER"]
[SourceTitle "CBM 221 Extra"]
[Source "ChessBase"]
[SourceDate "2024.09.30"]
[SourceVersion "1"]
[SourceVersionDate "2024.09.30"]
[SourceQuality "1"]

1. e4 c6 2. d4 d5 3. exd5 cxd5 4. Bd3 Nc6 5. c3 Qc7 6. g3 Bd7 7. Nf3 Bg4 8. Bf4 Qd7 9. Nbd2 e6 10. Qa4 Bd6 11. Bxd6 Bxf3 12. Nxf3 Qxd6 13. 0-0 Nge7 14. Ne5 h5 15. f4 g6 16. Rae1 Kf8 17. Kg2 Kg7 18. h3 a6 19. a3 b5 20. Qc2 Na5 21. g4 hxg4 22. hxg4 Rh4 23. Rh1 Rah8 24. Rxh4 Rxh4 25. Qf2 Rh8 26. f5 f6 27. fxg6 Nc4 28. Rf1 Ng8 29. g5 f5 30. Bxf5 exf5 31. Qxf5 Ne3+ 32. Kg1 Nxf5 33. Rxf5 Ne7 34. Rf7+ Kg8 35. g7 Rh5 0-1

[Event "Staufer op 34th"]
[Site "Schwaebisch Gmuend"]
[Date "2024.01.04"]
[Round "5"]
[White "Albert, Markus1"]
[Black "Hahn, Markus"]
[Result "1/2-1/2"]
[WhiteElo "2165"]
[BlackElo "2314"]
[PlyCount "24"]
[EventDate "2024.01.02"]
[EventType "swiss"]
[EventRounds "9"]
[EventCountry "GER"]
[SourceTitle "CBM 218 Extra"]
[Source "ChessBase"]
[SourceDate "2024.03.31"]
[SourceVersion "1"]
[SourceVersionDate "2024.03.31"]
[SourceQuality "1"]

1. Nc3 d5 2. e4 e6 3. Nf3 d4 4. Ne2 c5 5. Ng3 a6 6. a3 Nc6 7. Bc4 h5 8. h3 h4 9. Ne2 e5 10. 0-0 g5 11. d3 f6 12. c3 Nh6 1/2-1/2

[Event "Staufer op 34th"]
[Site "Schwaebisch Gmuend"]
[Date "2024.01.04"]
[Round "6"]
[White "Hahn, Markus"]
[Black "Kutzner, Stephen"]
[Result "1-0"]
[WhiteElo "2314"]
[BlackElo "2013"]
[PlyCount "76"]
[EventDate "2024.01.02"]
[EventType "swiss"]
[EventRounds "9"]
[EventCountry "GER"]
[SourceTitle "CBM 218 Extra"]
[Source "ChessBase"]
[SourceDate "2024.03.31"]
[SourceVersion "1"]
[SourceVersionDate "2024.03.31"]
[SourceQuality "1"]

1. d4 Nf6 2. c4 e6 3. Nf3 d5 4. g3 Be7 5. Bg2 0-0 6. 0-0 dxc4 7. Qa4 Qd5 8. Na3 Bd7 9. Qxc4 Bc6 10. Qxd5 Bxd5 11. Nb5 Na6 12. Nc3 Bc6 13. a3 Ne4 14. Nxe4 Bxe4 15. Be3 c6 16. Ne5 Bxg2 17. Kxg2 Rfd8 18. f4 Nc7 19. Rfd1 Nb5 20. Kf3 Bf6 21. Bf2 Kf8 22. g4 Bxe5 23. dxe5 Ke8 24. f5 Nc7 25. e4 Rd7 26. Rxd7 Kxd7 27. Kf4 Ne8 28. Rd1+ Kc7 29. Bh4 c5 30. Be7 b6 31. f6 g6 32. Kg5 Kc6 33. Kh6 Rc8 34. Kxh7 Kb5 35. Rd8 Rxd8 36. Bxd8 Kc4 37. Kg8 Kb3 38. Kxf7 Kxb2 1-0

[Event "Staufer op 34th"]
[Site "Schwaebisch Gmuend"]
[Date "2024.01.03"]
[Round "4"]
[White "Hahn, Markus"]
[Black "Lohr, Maximilian"]
[Result "1-0"]
[WhiteElo "2314"]
[BlackElo "2047"]
[PlyCount "95"]
[EventDate "2024.01.02"]
[EventType "swiss"]
[EventRounds "9"]
[EventCountry "GER"]
[SourceTitle "CBM 218 Extra"]
[Source "ChessBase"]
[SourceDate "2024.03.31"]
[SourceVersion "1"]
[SourceVersionDate "2024.03.31"]
[SourceQuality "1"]

1. d4 Nf6 2. c4 g6 3. Nc3 Bg7 4. e4 d6 5. Nf3 0-0 6. h3 e5 7. d5 a5 8. Bg5 Na6 9. Be2 Qe8 10. g4 Nd7 11. a3 Nb6 12. b3 Bd7 13. Rg1 Kh8 14. Be3 Qe7 15. h4 f5 16. g5 f4 17. Bxb6 cxb6 18. Nd2 f3 19. Bxf3 Rf4 20. Qe2 Rxh4 21. 0-0-0 Nc5 22. Kb2 Rf8 23. Rdf1 Rff4 24. b4 Na6 25. Kb3 Qd8 26. Rg3 Bf8 27. Rfg1 Be7 28. Qe3 Rf8 29. Bd1 Rhf4 30. R1g2 Qc7 31. Bg4 Bxg4 32. Rxg4 Rxg4 33. Rxg4 Bd8 34. f4 exf4 35. Rxf4 Rxf4 36. Qxf4 Qe7 37. Nb5 Kg7 38. Nf3 Nc7 39. Nxd6 Ne8 40. Nxe8+ Qxe8 41. Nd4 a4+ 42. Kc3 Qe7 43. Ne6+ Kg8 44. Nxd8 Qxd8 45. e5 b5 46. e6 Qe7 47. c5 b6 48. Qf7+ 1-0

[Event "Staufer op 34th"]
[Site "Schwaebisch Gmuend"]
[Date "2024.01.02"]
[Round "2"]
[White "Hahn, Markus"]
[Black "Wolf, Ulrich Martin"]
[Result "0-1"]
[WhiteElo "2314"]
[BlackElo "2195"]
[PlyCount "104"]
[EventDate "2024.01.02"]
[EventType "swiss"]
[EventRounds "9"]
[EventCountry "GER"]
[SourceTitle "CBM 218 Extra"]
[Source "ChessBase"]
[SourceDate "2024.03.31"]
[SourceVersion "1"]
[SourceVersionDate "2024.03.31"]
[SourceQuality "1"]

1. d4 f5 2. Nc3 Nf6 3. Bg5 d5 4. Bxf6 exf6 5. e3 Be6 6. Qf3 c6 7. h4 h5 8. Bd3 g6 9. Nge2 Qc7 10. g3 Nd7 11. 0-0-0 0-0-0 12. Kb1 Kb8 13. Ka1 Bd6 14. Rc1 Qa5 15. Nf4 Bf7 16. Qe2 Rhe8 17. Qd2 c5 18. dxc5 Nxc5 19. Ne4 Qa4 20. Nxd6 Rxd6 21. b3 Qa3 22. Qc3 d4 23. Qb2 Qxb2+ 24. Kxb2 dxe3 25. Bb5 Re5 26. fxe3 Rxe3 27. Rce1 Re4 28. Bc4 Be8 29. Rd1 Red4 30. Rxd4 Rxd4 31. Ne2 Rd6 32. Nf4 Ne4 33. Bd3 Bf7 34. Re1 g5 35. Nh3 Nxg3 36. hxg5 fxg5 37. Nxg5 Bd5 38. Re7 Rf6 39. c4 Bc6 40. b4 a6 41. b5 Bg2 42. a4 axb5 43. axb5 b6 44. Kc3 f4 45. Ne6 f3 46. c5 bxc5 47. b6 Bh3 48. Re8+ Kb7 49. Nxc5+ Kxb6 50. Ne4 Nxe4+ 51. Rxe4 f2 52. Rh4 Rf3 0-1

[Event "Nordhausen op 13th"]
[Site "Nordhausen"]
[Date "2023.08.04"]
[Round "3"]
[White "Hahn, Markus"]
[Black "Zehe, Marc Kevin"]
[Result "1-0"]
[WhiteElo "2317"]
[BlackElo "1854"]
[PlyCount "91"]
[EventDate "2023.08.03"]
[EventType "swiss"]
[EventRounds "7"]
[EventCountry "GER"]
[SourceTitle "CBM 215 Extra"]
[Source "ChessBase"]
[SourceDate "2023.09.30"]
[SourceVersion "1"]
[SourceVersionDate "2023.09.30"]
[SourceQuality "1"]

1. c4 c5 2. g3 Nc6 3. Bg2 Nf6 4. Nc3 d6 5. Nf3 e5 6. 0-0 Be7 7. d3 0-0 8. Ne1 Ne8 9. Nc2 f5 10. Ne3 Nc7 11. a3 Qe8 12. Ned5 Nxd5 13. Nxd5 Bd8 14. b4 Qg6 15. e3 Ne7 16. f4 cxb4 17. Rb1 bxa3 18. Bxa3 exf4 19. Nxf4 Qf6 20. Bb2 Qh6 21. Qh5 Qxh5 22. Nxh5 Rf7 23. Bd4 a5 24. Rb5 Kf8 25. Bxb7 Bxb7 26. Rxb7 g6 27. Nf4 Nc6 28. Ne6+ Ke8 29. Nxd8 Rxd8 30. Rb6 Nxd4 31. exd4 Ra7 32. Ra1 Kd7 33. Ra4 Kc7 34. Rb5 Rda8 35. Kf2 Kc6 36. Kf3 h6 37. Kf4 Ra6 38. h4 R6a7 39. h5 g5+ 40. Kxf5 Rf7+ 41. Kg6 Rf3 42. Raxa5 Rxa5 43. Rxa5 Rxg3 44. Kxh6 g4 45. Rg5 Kd7 46. Kg7 1-0

[Event "Gladenbach IM"]
[Site "Gladenbach"]
[Date "2022.08.31"]
[Round "5"]
[White "Kersten, Uwe"]
[Black "Hahn, Markus"]
[Result "1/2-1/2"]
[WhiteElo "2253"]
[BlackElo "2283"]
[PlyCount "38"]
[EventDate "2022.08.29"]
[EventType "tourn"]
[EventRounds "11"]
[EventCountry "GER"]
[EventCategory "2"]
[SourceTitle "CBM 210 Extra"]
[Source "ChessBase"]
[SourceDate "2022.11.30"]
[SourceVersion "1"]
[SourceVersionDate "2022.11.30"]
[SourceQuality "1"]

1. d4 d5 2. c4 e6 3. Nc3 Nf6 4. cxd5 exd5 5. Bg5 c6 6. e3 Be7 7. Qc2 Nbd7 8. Bd3 h6 9. Bh4 Nh5 10. Bxe7 Qxe7 11. Nge2 Nb6 12. 0-0 0-0 13. Na4 Nxa4 14. Qxa4 a5 15. Qc2 Qh4 16. Ng3 Nxg3 17. hxg3 Qg5 18. Qc5 Re8 19. Qd6 Bf5 1/2-1/2

[Event "Gladenbach IM"]
[Site "Gladenbach"]
[Date "2022.08.30"]
[Round "3"]
[White "Konopka, Michal"]
[Black "Hahn, Markus"]
[Result "1/2-1/2"]
[WhiteElo "2364"]
[BlackElo "2283"]
[PlyCount "141"]
[EventDate "2022.08.29"]
[EventType "tourn"]
[EventRounds "11"]
[EventCountry "GER"]
[EventCategory "2"]
[SourceTitle "CBM 210 Extra"]
[Source "ChessBase"]
[SourceDate "2022.11.30"]
[SourceVersion "1"]
[SourceVersionDate "2022.11.30"]
[SourceQuality "1"]

1. Nf3 Nf6 2. c4 e6 3. g3 d5 4. Bg2 Be7 5. d4 0-0 6. 0-0 dxc4 7. Qc2 b5 8. a4 b4 9. Nfd2 Nd5 10. Nxc4 c5 11. dxc5 Ba6 12. Ne3 Nd7 13. Nxd5 exd5 14. c6 Rc8 15. Bxd5 Nb8 16. Qe4 Bf6 17. Bf4 Qa5 18. Nd2 Rfe8 19. Nb3 Qb6 20. Qf5 Nxc6 21. Be4 Ne5 22. Qxh7+ Kf8 23. Be3 Qb8 24. Bc5+ Rxc5 25. Nxc5 Bxe2 26. Rfe1 Bg4 27. Bc6 Rc8 28. Nd7+ Bxd7 29. Bxd7 Rd8 30. Bc6 g6 31. Bg2 Nd3 32. Re2 Nxb2 33. Rb1 Nd1 34. Rc1 b3 35. Re1 Nc3 36. Be4 Nxe4 37. Rxe4 b2 38. Rb1 Rd1+ 39. Rxd1 b1Q 40. Ree1 Qf5 41. Qh6+ Bg7 42. Qe3 Kg8 43. Qe8+ Qxe8 44. Rxe8+ Kh7 45. Re7 Bf8 46. Re2 Bc5 47. Rc1 Bb6 48. Rc4 Qd5 49. Rce4 f5 50. Re8 Kg7 51. a5 Qxa5 52. R2e7+ Kf6 53. Re6+ Kg7 54. R6e7+ Kh6 55. h4 Bd4 56. Rd7 Bg7 57. Re6 Qa1+ 58. Kg2 a5 59. Rdd6 a4 60. Rxg6+ Kh7 61. h5 a3 62. Ra6 a2 63. Ra7 Qb2 64. Rgxg7+ Qxg7 65. Rxa2 Kh6 66. Ra4 Qb7+ 67. Kg1 Kxh5 68. Rf4 Kg5 69. Kh2 Qd5 70. Kg1 Qc6 71. Rh4 1/2-1/2

[Event "Gladenbach IM"]
[Site "Gladenbach"]
[Date "2022.08.29"]
[Round "1"]
[White "Spitzl, Vinzent"]
[Black "Hahn, Markus"]
[Result "1/2-1/2"]
[WhiteElo "2311"]
[BlackElo "2283"]
[PlyCount "126"]
[EventDate "2022.08.29"]
[EventType "tourn"]
[EventRounds "11"]
[EventCountry "GER"]
[EventCategory "2"]
[SourceTitle "CBM 210 Extra"]
[Source "ChessBase"]
[SourceDate "2022.11.30"]
[SourceVersion "1"]
[SourceVersionDate "2022.11.30"]
[SourceQuality "1"]

1. e4 c5 2. Nf3 e6 3. d4 cxd4 4. Nxd4 a6 5. Bd3 Bc5 6. Nb3 Be7 7. c4 d6 8. 0-0 Nf6 9. Qe2 Nc6 10. Nc3 Ne5 11. Bf4 Qc7 12. Rac1 0-0 13. Rfd1 b6 14. Bxe5 dxe5 15. c5 bxc5 16. Na4 Nd7 17. Nbxc5 Qa5 18. Qe1 Qxe1+ 19. Rxe1 Nxc5 20. Nxc5 Rd8 21. Red1 Rb8 22. b3 g6 23. Kf1 Kg7 24. Ke2 a5 25. Rc3 f5 26. Rdc1 Kf6 27. f3 Bf8 28. R1c2 h5 29. Ba6 Bxc5 30. Bxc8 Be7 31. Rc6 Rd6 32. Ba6 Rb6 33. Rxb6 Rxb6 34. Bd3 Bd6 35. Rc8 Bb4 36. h4 Rd6 37. Ra8 Rb6 38. Ra7 Bc3 39. Bc4 Bb4 40. a3 Bxa3 41. Rxa5 Bb4 42. Ra8 f4 43. Ra7 Bc3 44. Rd7 Bd4 45. Rc7 Bg1 46. Ra7 Rxb3 47. Bxb3 Bxa7 48. Kf1 Bb6 49. Bc4 Kf7 50. Bb3 Bd8 51. Kg1 Bxh4 52. Kh2 Bf2 53. Kh3 Ke7 54. Ba2 g5 55. Bb3 Bg3 56. Bc4 Kd6 57. Bb3 Kc5 58. Bxe6 Kd4 59. Bf5 Ke3 60. Bg6 g4+ 61. fxg4 hxg4+ 62. Kxg4 Kf2 63. Kh3 Ke3 1/2-1/2

[Event "Heusenstamm Sparkassen op-A 7th"]
[Site "Heusenstamm"]
[Date "2021.11.21"]
[Round "6.15"]
[White "Gebhardt, Ulrich"]
[Black "Hahn, Markus"]
[Result "0-1"]
[WhiteElo "2093"]
[BlackElo "2264"]
[PlyCount "76"]
[EventDate "2021.11.18"]
[EventType "swiss"]
[EventRounds "7"]
[EventCountry "GER"]
[SourceTitle "EXT 2023"]
[Source "ChessBase"]
[SourceDate "2022.10.05"]
[SourceVersion "1"]
[SourceVersionDate "2022.10.05"]
[SourceQuality "1"]

1. d4 e6 2. Nf3 Nf6 3. c4 Bb4+ 4. Bd2 Qe7 5. g3 Nc6 6. Bg2 Bxd2+ 7. Nbxd2 0-0 8. 0-0 d6 9. e4 e5 10. d5 Nb8 11. Ne1 a5 12. Nd3 Bg4 13. f3 Bd7 14. f4 Na6 15. f5 c6 16. Qf3 cxd5 17. cxd5 Bb5 18. Rfc1 Rfc8 19. a3 Qd8 20. Bf1 Bxd3 21. Bxd3 Qb6+ 22. Qf2 Rxc1+ 23. Rxc1 Qxb2 24. Rb1 Qxa3 25. Bxa6 Rxa6 26. Rxb7 h6 27. Kg2 Qd3 28. Rb3 Qc2 29. Rb8+ Kh7 30. Qe2 Ra7 31. Kh3 a4 32. Qe3 Qc7 33. Rc8 Qxc8 34. Qxa7 Qd7 35. Qa6 Nxe4 36. Nxe4 Qxf5+ 37. g4 Qxe4 38. Qxd6 Qf3+ 0-1

[Event "Heusenstamm Sparkassen op-A 7th"]
[Site "Heusenstamm"]
[Date "2021.11.20"]
[Round "5.18"]
[White "Hahn, Markus"]
[Black "Calvi, Stefan"]
[Result "1-0"]
[WhiteElo "2264"]
[BlackElo "2053"]
[PlyCount "53"]
[EventDate "2021.11.18"]
[EventType "swiss"]
[EventRounds "7"]
[EventCountry "GER"]
[SourceTitle "EXT 2023"]
[Source "ChessBase"]
[SourceDate "2022.10.05"]
[SourceVersion "1"]
[SourceVersionDate "2022.10.05"]
[SourceQuality "1"]

1. d4 Nf6 2. c4 e6 3. Nf3 c5 4. d5 exd5 5. cxd5 d6 6. Nc3 g6 7. h3 Bg7 8. e4 0-0 9. Bd3 a6 10. a4 Nbd7 11. Bf4 Ne8 12. Qd2 Ne5 13. Nxe5 dxe5 14. Be3 Qa5 15. Nd1 Qxd2+ 16. Kxd2 c4 17. Bxc4 Nd6 18. Bd3 Re8 19. Rb1 Bd7 20. b3 Bf8 21. f3 b5 22. a5 Rec8 23. g4 Nb7 24. b4 Nd6 25. Bc5 Nc4+ 26. Bxc4 Bxc5 27. bxc5 1-0

[Event "DSOL 03 Liga Gr-D 1st"]
[Site "Playchess.com INT"]
[Date "2020.07.16"]
[Round "4.1"]
[White "Hahn, Markus"]
[Black "Schulze Schwering, Philipp"]
[Result "1-0"]
[WhiteElo "2248"]
[BlackElo "2051"]
[PlyCount "101"]
[EventDate "2020.06.22"]
[EventType "team-tourn (rapid)"]
[EventCountry "GER"]
[SourceTitle "EXT 2021"]
[Source "ChessBase"]
[SourceDate "2020.10.23"]
[SourceVersion "1"]
[SourceVersionDate "2020.10.23"]
[SourceQuality "1"]
[WhiteTeam "Kassel Caissa"]
[BlackTeam "Borken"]
[WhiteTeamCountry "GER"]
[BlackTeamCountry "GER"]

1. Nf3 Nf6 2. g3 d5 3. Bg2 c5 4. 0-0 Nc6 5. d4 e6 6. c4 dxc4 7. Qa4 Bd7 8. Qxc4 Qb6 9. dxc5 Bxc5 10. Nc3 Be7 11. Be3 Qb4 12. Nd2 0-0 13. a3 Qxc4 14. Nxc4 b6 15. Rfd1 Rfd8 16. Rxd7 Nxd7 17. Bxc6 Rac8 18. Bb5 Nf6 19. Ne5 Bc5 20. Nc6 Rd7 21. Bxc5 bxc5 22. Ne5 Rd2 23. Nc4 Rdd8 24. Kf1 Nd5 25. Ne4 Nb6 26. e3 Nxc4 27. Bxc4 Rc7 28. g4 Rb8 29. b3 Kf8 30. Ke2 h6 31. Rd1 Ke7 32. Rd6 Rb6 33. Rd1 Rb8 34. h4 Rd8 35. Rh1 g6 36. g5 h5 37. Rc1 Rb8 38. a4 Rb6 39. Rc3 a5 40. Bb5 Rb8 41. Rxc5 Rxc5 42. Nxc5 Rc8 43. Nb7 Rc1 44. Kf3 Rg1 45. Nxa5 Rg4 46. Nc6+ Kd6 47. a5 Rxh4 48. a6 Kc7 49. Ne5 Kb6 50. Bc4 Rh1 51. Kg2 1-0

[Event "GER-ch Net Amateur Gr-A Final"]
[Site "Playchess.com INT"]
[Date "2020.04.18"]
[Round "6"]
[White "Hahn, Markus"]
[Black "Moeller, Hendrik"]
[Result "1-0"]
[WhiteElo "1971"]
[BlackElo "2155"]
[PlyCount "91"]
[EventDate "2020.04.18"]
[EventType "swiss (blitz)"]
[EventRounds "13"]
[EventCountry "GER"]
[SourceTitle "CBM 195 Extra"]
[Source "ChessBase"]
[SourceDate "2020.05.31"]
[SourceVersion "1"]
[SourceVersionDate "2020.05.31"]
[SourceQuality "1"]

1. e4 c6 2. d4 d5 3. Nd2 dxe4 4. Nxe4 Bf5 5. Ng3 Bg6 6. Nh3 e6 7. Nf4 Bd6 8. c3 Qc7 9. Qf3 Ne7 10. h4 Nd7 11. h5 Bf5 12. Nxf5 Nxf5 13. Bd3 Ne7 14. 0-0 0-0-0 15. Re1 e5 16. Ne2 f5 17. Bxf5 Rdf8 18. Bxd7+ Qxd7 19. Qe4 Rf5 20. Ng3 Rf7 21. dxe5 Bc5 22. Be3 Bxe3 23. Rxe3 Qd2 24. Re2 Qg5 25. Rd1 Nd5 26. e6 Re7 27. Nf5 Rc7 28. e7 Re8 29. Nd6+ Kd7 30. Nxe8 Kxe8 31. Rxd5 cxd5 32. Qe6 Rxe7 33. Qxe7+ Qxe7 34. Rxe7+ Kxe7 35. f3 Kf6 36. Kf2 Kf5 37. Ke3 Kg5 38. g4 Kf6 39. f4 Ke6 40. Kd4 Kd6 41. Kd3 Kc5 42. g5 Kd6 43. f5 Ke5 44. f6 gxf6 45. g6 hxg6 46. h6 1-0

[Event "GER-ch Net Amateur Gr-A Final"]
[Site "Playchess.com INT"]
[Date "2020.04.18"]
[Round "11"]
[White "Hartmann, Martin"]
[Black "Hahn, Markus"]
[Result "0-1"]
[WhiteElo "2027"]
[BlackElo "1971"]
[PlyCount "116"]
[EventDate "2020.04.18"]
[EventType "swiss (blitz)"]
[EventRounds "13"]
[EventCountry "GER"]
[SourceTitle "CBM 195 Extra"]
[Source "ChessBase"]
[SourceDate "2020.05.31"]
[SourceVersion "1"]
[SourceVersionDate "2020.05.31"]
[SourceQuality "1"]

1. e4 c6 2. Nc3 d5 3. Nf3 a6 4. exd5 cxd5 5. d4 Nc6 6. Ne5 Nxe5 7. dxe5 d4 8. Ne2 Qa5+ 9. Qd2 Qxe5 10. Qxd4 Qxd4 11. Nxd4 e5 12. Nf3 f6 13. Bc4 Bc5 14. 0-0 Ke7 15. Bd2 Be6 16. Bb3 Rd8 17. Bc3 Bxb3 18. axb3 Ke6 19. b4 Bb6 20. Nd2 Ne7 21. Nc4 Bc7 22. Na3 Nd5 23. b5 Nxc3 24. bxc3 axb5 25. Nxb5 Bb6 26. Na3 Bc5 27. Nc4 Ra8 28. Rab1 Ra4 29. Nd2 b6 30. Nb3 Rc4 31. Nxc5+ bxc5 32. Rb6+ Kf5 33. Rb3 Rd8 34. f3 Ra4 35. h3 Rd2 36. Rf2 Ra1+ 37. Rf1 Rxf1+ 38. Kxf1 Rxc2 39. Rb7 Kg6 40. Rb3 c4 41. Ra3 h5 42. Kg1 h4 43. Kf1 Kf5 44. Ke1 g5 45. Kf1 Kf4 46. Ra4 Rxc3 47. Ke2 Rc2+ 48. Kf1 Kg3 49. Rb4 Rf2+ 50. Ke1 Kxg2 51. Rxc4 Rxf3 52. Rc6 Kxh3 53. Ke2 Rf4 54. Rc8 Kg2 55. Rc1 h3 56. Ke3 h2 57. Rc2+ Kh3 58. Rc1 g4 0-1

[Event "GER-ch Net Amateur Gr-A Final"]
[Site "Playchess.com INT"]
[Date "2020.04.18"]
[Round "7"]
[White "Zwahr, Paul"]
[Black "Hahn, Markus"]
[Result "0-1"]
[WhiteElo "2160"]
[BlackElo "1971"]
[PlyCount "106"]
[EventDate "2020.04.18"]
[EventType "swiss (blitz)"]
[EventRounds "13"]
[EventCountry "GER"]
[SourceTitle "CBM 195 Extra"]
[Source "ChessBase"]
[SourceDate "2020.05.31"]
[SourceVersion "1"]
[SourceVersionDate "2020.05.31"]
[SourceQuality "1"]

1. e4 c5 2. Nf3 e6 3. d4 cxd4 4. Nxd4 a6 5. Nc3 Qc7 6. Bd3 d6 7. 0-0 Nf6 8. Kh1 Nbd7 9. f4 b5 10. f5 e5 11. Ne6 fxe6 12. fxe6 Nc5 13. Rxf6 gxf6 14. Nd5 Qg7 15. e7 Bxe7 16. Nc7+ Kd8 17. Nxa8 Bb7 18. Nb6 Nxe4 19. Qe2 f5 20. c4 Rg8 21. Nd5 Qg4 22. Qxg4 Rxg4 23. Kg1 Nc5 24. Be2 Rg7 25. Bh6 Rg6 26. Be3 Ne4 27. Rd1 bxc4 28. Bxc4 Bg5 29. Bb6+ Ke8 30. Nc7+ Kd7 31. Bd5 Bxd5 32. Nxd5 Bd8 33. Bxd8 Kxd8 34. Ne3 f4 35. Nc4 Kc7 36. Rc1 Kd7 37. Nb6+ Ke6 38. Rc6 f3 39. g3 f2+ 40. Kf1 Rh6 41. h4 Rf6 42. Rc1 Nxg3+ 43. Kg2 f1Q+ 44. Rxf1 Nxf1 45. Nc4 d5 46. Nb6 Ne3+ 47. Kg3 e4 48. b4 Rf3+ 49. Kh2 Kf5 50. a4 Kg4 51. b5 Rf2+ 52. Kg1 Kg3 53. Nxd5 Rf1# 0-1

[Event "GER-ch Net Amateur Gr-A Vor2"]
[Site "Playchess.com INT"]
[Date "2020.04.15"]
[Round "4"]
[White "Colbow, Collin"]
[Black "Hahn, Markus"]
[Result "1-0"]
[WhiteElo "2016"]
[BlackElo "1875"]
[PlyCount "53"]
[EventDate "2020.04.15"]
[EventType "swiss (blitz)"]
[EventRounds "9"]
[EventCountry "GER"]
[SourceTitle "CBM 196 Extra"]
[Source "ChessBase"]
[SourceDate "2020.07.31"]
[SourceVersion "1"]
[SourceVersionDate "2020.07.31"]
[SourceQuality "1"]

1. e4 c6 2. d4 d5 3. e5 c5 4. dxc5 Nc6 5. Nf3 Bg4 6. Bb5 e6 7. Be3 Qa5+ 8. Nc3 Nge7 9. 0-0 Nf5 10. h3 Bxf3 11. Qxf3 h5 12. Nxd5 Nxe3 13. Bxc6+ bxc6 14. Nxe3 Qxc5 15. Rfd1 g6 16. Rd3 Bg7 17. Rc3 Qb5 18. Rxc6 0-0 19. Nc4 Rfc8 20. Rxc8+ Rxc8 21. Nd6 Qxb2 22. Qxf7+ Kh7 23. Rf1 Rf8 24. Qxe6 Bxe5 25. Nf7 Bg7 26. Ng5+ Kh8 27. Qxg6 1-0